[Event "It (w)"]
[Site "masterchessopen.com – Halle (Germany)"]
[Round "9"]
[White "Mueller Martin (GER)"]
[Black "Richtrova Eliska (CZE)"]
[Result "0-1"]
[WhiteElo "2078"]
[BlackElo "2268"]

1.e4 e5 2.Nf3 Nc6 3.Bb5 a6 4.Ba4 Nf6 5.O-O Be7 6.Re1 b5 7.Bb3 d6 8.h3 O-O 9.c3
Nb8 10.d3 Nbd7 11.Nbd2 c5 12.Nf1 Qc7 13.Ng3 Nb6 14.Bc2 Re8 15.Nh2 d5 16.d4
cxd4 17.cxd4 exd4 18.e5 Bb4 19.Re2 Nfd7 20.Qd3 Nf8 21.Nh5 Ng6 22.Qg3 Bf8
23.Bf4 Be6 24.Nf3 Qc4 25.Rd2 Qb4 26.Nxd4 Qxb2 27.Rb1 Qa3 28.Rb3 Qe7 29.Bg5 Qa7
30.Nf4 Nc4 31.Rd1 Ncxe5 32.Ndxe6 fxe6 33.Nxg6 Nxg6 34.Bxg6 hxg6 35.Rf3 Bc5
36.Bf4 Rf8 37.Qxg6 Bxf2+ 38.Kf1 Rf6 39.Qg4 Bg1 40.Rc1 e5 41.Bxe5 Rxf3+ 42.Qxf3
Rf8 43.Qxf8+ Kxf8 44.Rc8+ Kf7 45.Rc7+ Qxc7 46.Bxc7 Bc5 {#R} 0-1

[Event "?"]
[Site "masterchessopen.com – Poland"]
[Round "0"]
[White "Bronstein David I (RUS)"]
[Black "Dobrzynski Wojciech (POL)"]
[Result "1-0"]
[WhiteElo "2432"]
[BlackElo "2285"]

1.e4 e5 2.Nf3 Nc6 3.Bb5 a6 4.Ba4 Nf6 5.O-O Be7 6.Re1 b5 7.Bb3 d6 8.c3 O-O 9.h3
Nb8 10.d3 Bb7 11.Nbd2 Nbd7 12.Nf1 Nc5 13.Bc2 Re8 14.Ng3 Bf8 15.Be3 h6 16.b4
Ncd7 17.Nd2 c5 18.Nb3 Rc8 19.bxc5 Nxc5 20.Nxc5 dxc5 21.a4 Re6 22.axb5 axb5
23.Qb1 Bc6 24.Ra7 Ra8 25.Qa2 Rxa7 26.Qxa7 Nd7 27.Ra1 Bd6 28.Bb3 Re8 29.Nf5 Bb8
30.Qa2 c4 31.dxc4 Bxe4 32.Ng3 bxc4 33.Bxc4 Bg6 34.Rd1 Qc7 35.Bb5 Re7 36.Qa3
Nf6 37.Bb6 Qxb6 38.Qxe7 Qxb5 39.Rd8+ Kh7 40.Qf8 Qb1+ 41.Kh2 Bd3 42.Rxb8 Qa2
43.Rd8 Bb1 44.Qc5 Qc2 45.Qe3 Qa2 46.Qxe5 Qxf2 47.Rd4 Qa2 48.c4 Bc2 49.c5 Qa5
50.Qf4 Qa8 51.c6 {#r} 1-0

[Event "It"]
[Site "masterchessopen.com – Bogota (Colombia)"]
[Round "0"]
[White "Garcia Gildardo (COL)"]
[Black "Cuellar Gacharna Miguel (COL)"]
[Result "1-0"]
[WhiteElo "2365"]
[BlackElo "2280"]

1.e4 e5 2.Nf3 Nc6 3.Bb5 a6 4.Ba4 Nf6 5.O-O Be7 6.Re1 b5 7.Bb3 d6 8.c3 O-O 9.h3
Nb8 10.d3 Nbd7 11.Nbd2 Bb7 12.Nf1 Nc5 13.Bc2 a5 14.Ng3 g6 15.d4 Ncd7 16.Qe2 c6
17.Bh6 Re8 18.Rad1 Qc7 19.Qd2 Bf8 20.Bxf8 Nxf8 21.Nf5 Bc8 22.dxe5 dxe5 23.Nd6
Re7 24.Qg5 Ne8 25.Nf5 Bxf5 26.exf5 f6 27.Qh6 Rg7 28.fxg6 Nxg6 29.Nh4 Nxh4
30.Qxh4 Rd8 31.Rxd8 Qxd8 32.Rxe5 Kf8 33.Re6 c5 34.Qh5 Nc7 35.Qxc5+ Kg8 36.Rd6
Qe7 37.Bb3+ Kh8 38.Qd4 a4 39.Rd8+ Ne8 40.Bd1 Rg5 41.Bf3 Rg8 42.Be4 {#r} 1-0

[Event "Olympiad"]
[Site "masterchessopen.com – Buenos Aires (Argentina)"]
[Round "9"]
[White "Rodriguez Amador (ESP)"]
[Black "Matanovic Aleksandar (SRB)"]
[Result "1-0"]
[WhiteElo "2470"]
[BlackElo "2505"]

1.e4 e5 2.Nf3 Nc6 3.Bb5 a6 4.Ba4 Nf6 5.O-O Be7 6.Re1 b5 7.Bb3 d6 8.c3 O-O 9.h3
Nb8 10.d3 Nbd7 11.Nbd2 Bb7 12.Nf1 Nc5 13.Bc2 Re8 14.Ng3 Bf8 15.b4 Ncd7 16.d4
g6 17.Bd2 Bg7 18.Bd3 d5 19.Bg5 ( 19.dxe5 Nxe4 20.Nxe4 dxe4 21.Bxe4 Bxe4
22.Rxe4 Nxe5 { # } ) ( 19.exd5 exd4 20.Nxd4 Nxd5 { # } ) 19...h6 ( 19...exd4 {
? } 20.e5 ) ( 19...dxe4 20.Bxe4 { ! } 20...Bxe4 21.Nxe4 exd4 22.Nxd4 Qc8
23.Qf3 { P } ) 20.Bxf6 Qxf6 ( 20...Bxf6 21.a4 exd4 22.cxd4 dxe4 23.Bxe4 Bxe4
24.Nxe4 Bg7 25.Qd3 c6 { = } ) 21.a4 exd4 22.cxd4 dxe4 23.Nxe4 Qf4 24.Qc2 bxa4
{ ? } ( 24...Nf6 25.Ne5 Nxe4 26.Bxe4 Bxe4 27.Rxe4 Qf5 { = } ) 25.Re3 { ! }
25...Bxe4 ( 25...h5 { ? } 26.g3 Qh6 27.Qxc7 { P } ) 26.Bxe4 Rab8 27.Rxa4 Qd6
28.Qa2 Re6 ( 28...Rb6 { ? } 29.Bxg6 Rxe3 30.Qxf7+ ) 29.Bd5 Rf6 30.Ne5 Rf8
31.Bb3 Nb6 ( 31...Nb8 { ? } 32.Nxf7 { ! } 32...R6xf7 33.Bxf7+ Rxf7 34.Re8+ Bf8
35.Rxb8 { +?? } ) 32.Rxa6 Qxd4 33.Ra7 Qd6 { ? } ( 33...Nd7 { ! } 34.Nxd7 { A }
) 34.Qc2 Rf5 { ? } ( 34...Nd5 35.Bxd5 Qxd5 36.Rxc7 { I } ) 35.Nxf7 { ! P }
35...R8xf7 36.Rxc7 Be5 { ? } ( 36...Nd5 { ? } 37.Rxf7 Kxf7 38.Rd3 Ke6 39.Rxd5
Rxd5 40.Qxg6+ Bf6 41.Qe4+ Be5 42.f4 { P } ) 37.Rxf7 Rxf7 38.Rxe5 { ! +?? }
38...Kf8 39.Bxf7 Qxe5 40.Qxg6 Qe1+ 41.Kh2 Qxb4 ( 41...Qxf2 42.Ba2 Qf4+ 43.Qg3
Qxb4 44.Qg8+ Ke7 45.Qe6+ Kd8 46.Qxh6 { +?? } ) 42.Qf6 Nd7 43.Qf5 Qd6+ 44.g3
Nf6 45.Bc4 Qd4 46.Kg2 Kg7 1-0

[Event "It"]
[Site "masterchessopen.com – Bogota (Colombia)"]
[Round "7"]
[White "Rodriguez Amador (ESP)"]
[Black "Cuellar Gacharna Miguel (COL)"]
[Result "1-0"]
[WhiteElo "2465"]
[BlackElo "2280"]

1.e4 e5 2.Nf3 Nc6 3.Bb5 a6 4.Ba4 Nf6 5.O-O Be7 6.Re1 b5 7.Bb3 d6 8.c3 O-O 9.h3
Nb8 10.d3 Nbd7 11.Nbd2 Bb7 12.Nf1 Nc5 13.Bc2 Re8 14.Ng3 g6 15.d4 Ncd7 16.Bg5
Kh8 17.Qd2 Ng8 18.Rad1 f6 19.Be3 Bf8 20.Nh2 Bg7 21.f4 exf4 22.Bxf4 Nb6 23.Nf3
Re7 24.d5 Nc4 25.Qc1 Bc8 26.Rf1 Bd7 27.Bd3 Ne5 28.Nxe5 dxe5 29.Be3 Rf7 30.Rf2
Qc8 31.c4 c6 32.Rc2 Qe8 33.dxc6 Bxc6 34.h4 h5 35.Be2 Rd7 36.Rxd7 Qxd7 37.b3
Kh7 38.cxb5 Bxb5 39.Rc7 Qe6 40.Bxh5 gxh5 41.Nf5 Bd7 42.Qd1 Rd8 43.Qxh5+ Nh6
44.Bxh6 {#r} 1-0

[Event "Ch Poland"]
[Site "masterchessopen.com – Tarnow (Poland)"]
[Round "3"]
[White "Konikowski Jerzy (GER)"]
[Black "Luczak Andrzej (POL)"]
[Result "1-0"]
[WhiteElo "2325"]
[BlackElo "2370"]

1.e4 e5 2.Nf3 Nc6 3.Bb5 a6 4.Ba4 Nf6 5.O-O Be7 6.Re1 b5 7.Bb3 d6 8.c3 O-O 9.h3
Nb8 10.d3 Nbd7 11.Nbd2 h6 12.Nf1 Re8 13.Ng3 Bf8 14.Nh2 Nc5 15.Bc2 d5 16.Qf3
Be6 17.Nf5 Kh7 18.Ng4 Ncd7 19.a4 b4 20.a5 b3 21.Bd1 Nxg4 22.hxg4 Nc5 23.Be2 g6
24.Nxh6 Bxh6 25.Bxh6 Kxh6 26.Qe3+ Kg7 27.Qxc5 Rh8 28.g3 Qg5 29.exd5 Qh6 30.Bf3
Bxg4 31.Qe3 Bxf3 32.Qxf3 Rae8 33.Ra4 f5 34.Rc4 Re7 35.Rh4 Qd2 36.Qe2 Qxe2
37.Rxe2 Rxh4 38.gxh4 Kf6 39.Kg2 c6 40.dxc6 Rc7 41.d4 exd4 42.cxd4 Rxc6 43.Re3
Rc4 44.Rxb3 Rxd4 45.Rb6+ Kg7 46.Rxa6 Rxh4 47.Ra7+ Kh6 48.a6 Kg5 49.Rb7 Ra4
50.a7 Kg4 51.b3 Ra2 52.Rb4+ {#r} 1-0

[Event "Ch Chile"]
[Site "masterchessopen.com – Santiago (Chile)"]
[Date "1980.10.03"]
[Round "11"]
[White "Godoy David A (CHI)"]
[Black "Cifuentes Parada Roberto (ESP)"]
[Result "0-1"]
[WhiteElo "2339"]
[BlackElo "2518"]

1.e4 e5 2.Nf3 Nc6 3.Bb5 a6 4.Ba4 Nf6 5.O-O Be7 6.Re1 b5 7.Bb3 d6 8.c3 O-O 9.h3
Nb8 10.d3 c5 11.Nbd2 Nc6 12.Nf1 Qc7 13.d4 cxd4 14.cxd4 Na5 15.Bc2 Bd7 16.Ne3
Rac8 17.b3 Nc6 18.Bb2 Nxd4 19.Nxd4 exd4 20.Qxd4 Be6 21.Rac1 Qc5 22.Bb1 Qxd4
23.Bxd4 Nd7 24.Rcd1 Nc5 25.Bb2 Rfd8 26.Nd5 Bf8 27.Re2 Re8 28.Re3 f6 29.Bc3 Bf7
30.g4 Nd7 31.Kg2 Nc5 32.f3 Nd7 33.f4 Rc5 34.Bb4 Rxd5 35.Rde1 Rc5 36.Bxc5 dxc5
37.Rd3 Nb6 38.Kf3 c4 39.bxc4 bxc4 40.Rdd1 Bc5 41.e5 fxe5 {#R} 0-1

[Event "It (cat.12)"]
[Site "masterchessopen.com – Novi Sad (Yugoslavia)"]
[Round "2"]
[White "Ivanovic Bozidar (MNE)"]
[Black "Smejkal Jan (CZE)"]
[Result "1-0"]
[WhiteElo "2515"]
[BlackElo "2540"]

1.e4 e5 2.Nf3 Nc6 3.Bb5 a6 4.Ba4 Nf6 5.O-O Be7 6.Re1 b5 7.Bb3 d6 8.c3 O-O 9.h3
Nb8 10.d3 Nbd7 11.Nbd2 Bb7 12.Nf1 Nc5 13.Bc2 Re8 14.Ng3 Bf8 15.Be3 h6 16.Qb1
d5 17.b4 Na4 18.Bxa4 bxa4 19.c4 dxc4 20.dxc4 Qd7 21.c5 Qb5 22.Bd2 Rad8 23.Qc2
Bc6 24.Re3 Nd7 25.Rae1 g6 26.a3 Bg7 27.Qa2 a5 28.Ne2 axb4 29.axb4 Qb7 30.Qc4
Bb5 31.Qc1 Nb8 32.Nc3 Nc6 33.Nd5 Ne7 34.Nxe7+ Rxe7 35.Rc3 Kh7 36.h4 c6 37.h5
Red7 38.hxg6+ fxg6 39.Kh2 Rd3 40.Rh1 Qd7 41.Rxd3 Bxd3 42.Kg1 h5 43.Ng5+ Kg8
44.Kh2 Bb5 45.Be3 Bf6 46.Qa1 Qd3 47.Rc1 Rd7 48.Re1 Qc4 49.Rc1 Qxb4 50.Rb1 Qc4
51.Rc1 Qd3 52.Qa2+ Qb3 53.Qa1 Rd3 54.Nf3 Qa3 55.Qb1 Qb3 56.Qa1 Qa3 57.Qb1 Rb3
58.Qc2 Qb2 59.Qd1 Rd3 60.Qe1 a3 61.Ng5 Rxe3 62.Qxe3 a2 63.Rd1 Bc4 64.Rd7 a1=Q
65.Nh7 Be7 66.Qf3 Bf7 67.Rxe7 Qaa2 68.Nf6+ Kh8 69.Qe3 Kg7 70.Qg5 Qxf2 71.Nxh5+
Kf8 72.Rc7 gxh5 73.Qh6+ {#r} 1-0

[Event "Memorial Eileen Tranmer"]
[Site "masterchessopen.com – Brighton (England)"]
[Round "9"]
[White "Blackstock Lesly S F (SCO)"]
[Black "Jackson Sheila (ENG)"]
[Result "0-1"]
[WhiteElo "2255"]
[BlackElo "2162"]

1.e4 e5 2.Nf3 Nc6 3.Bb5 a6 4.Ba4 Nf6 5.O-O Be7 6.Re1 b5 7.Bb3 d6 8.c3 O-O 9.h3
Nb8 10.d3 Nbd7 11.Nbd2 Bb7 12.Nf1 Nc5 13.Bc2 Ne6 14.Ng3 g6 15.Bh6 Re8 16.d4
Nd7 17.Qd2 Bf6 18.d5 Nef8 19.Nf1 Nb6 20.Bb3 Nfd7 21.Ne3 Nc5 22.Bc2 Qe7 23.b4
Nca4 24.Bb3 c6 25.dxc6 Bxc6 26.Ng4 Nc4 27.Bxc4 bxc4 28.Rad1 Bh8 29.Qxd6 Bxe4
30.Rxe4 Nxc3 31.Rxc4 Nxd1 32.Qxd1 e4 33.Ng5 Qb7 34.Qd6 Qe7 35.Qf4 f5 36.Rc7
Qxb4 37.Nxh7 Re6 {#R} 0-1

[Event "It (w)"]
[Site "masterchessopen.com – Halle (Germany)"]
[Round "10"]
[White "Burchardt Brigitte (GER)"]
[Black "Kunze Kerstin (GER)"]
[Result "0-1"]
[WhiteElo "2224"]
[BlackElo "2136"]

1.e4 e5 2.Nf3 Nc6 3.Bb5 a6 4.Ba4 Nf6 5.O-O b5 6.Bb3 Be7 7.Re1 d6 8.c3 O-O 9.h3
Nb8 10.d3 c5 11.Nbd2 Qc7 12.Nf1 Bb7 13.Ng3 g6 14.Qe2 Nc6 15.Bh6 Rfe8 16.Bg5
Nd8 17.Rad1 Rc8 18.d4 c4 19.Bc2 Ne6 20.Be3 Bf8 21.Qd2 Be7 22.d5 Nc5 23.Nh2 Bf8
24.Bh6 Qe7 25.Bg5 Ncd7 26.Ng4 Bg7 27.Rf1 Qf8 28.Nh2 h6 29.Be3 Kh7 30.f4 exf4
31.Bxf4 Nc5 32.Rde1 Nfd7 33.Nf3 Ne5 34.Nxe5 Bxe5 35.Qf2 Rc7 36.Re3 Qg7 37.Rf3
Bxf4 38.Rxf4 Ree7 39.Rf6 Rcd7 40.e5 Rxe5 41.Rxf7 Rxf7 42.Qxf7 Nd3 43.Qf8 Qxf8
44.Rxf8 Bxd5 45.Rf6 Re1+ 46.Kh2 Rc1 47.Rxd6 Rxc2 48.Rxd5 Rxb2 49.Rd7+ Kg8
50.Ne4 Kf8 51.Kg3 Rxa2 52.Nf6 Rf2 53.Nh7+ Kg8 54.Rxd3 cxd3 55.Kxf2 Kxh7 56.Ke3
Kg7 57.Kxd3 Kf6 58.Kd4 a5 59.Kc5 a4 {#R} 0-1

[Event "Memorial G.Agzamov"]
[Site "masterchessopen.com – Tashkent (Uzbekistan)"]
[Round "0"]
[White "Graf Alexander (GER)"]
[Black "Ziatdinov Raset (USA)"]
[Result "1-0"]
[WhiteElo "2415"]
[BlackElo "2365"]

1.e4 e5 2.Nf3 Nc6 3.Bb5 a6 4.Ba4 Nf6 5.O-O Be7 6.Re1 b5 7.Bb3 d6 8.c3 O-O 9.h3
Nb8 10.d3 Nbd7 11.Nbd2 Bb7 12.Nf1 Re8 13.Ng3 g6 14.a4 Bf8 15.Ng5 d5 16.exd5
Bxd5 17.N3e4 c6 18.axb5 axb5 19.Rxa8 Qxa8 20.Nxf6+ Nxf6 21.c4 bxc4 22.dxc4 Be6
23.Rxe5 Nd7 24.Rxe6 {#r} 1-0

[Event "Ch URS (qual)"]
[Site "masterchessopen.com – Barnaul (Russia)"]
[Round "0"]
[White "Kudriashov Anatoli (TKM)"]
[Black "Neverov Valeriy (UKR)"]
[Result "0-1"]
[WhiteElo "2318"]
[BlackElo "2440"]

1.e4 e5 2.Nf3 Nc6 3.Bb5 a6 4.Ba4 Nf6 5.O-O Be7 6.Re1 b5 7.Bb3 d6 8.c3 O-O 9.h3
Nb8 10.d3 Nbd7 11.Nbd2 Bb7 12.Nf1 Nc5 13.Bc2 Re8 14.Ng3 Bf8 15.b4 Ncd7 16.a4
c5 17.Rb1 cxb4 18.cxb4 d5 19.a5 Rc8 20.Bd2 Rc7 21.Bb3 Qa8 22.Qe2 h6 23.Nh2 g6
24.Ng4 Nxg4 25.Qxg4 Bg7 26.Rbc1 Rxc1 27.Rxc1 Nf6 28.Qf3 Re7 29.Re1 Kh7 30.Qe2
Qd8 31.Be3 Rd7 32.Bb6 Qc8 33.Qb2 h5 34.f3 d4 35.Ne2 h4 36.Rf1 Nh5 37.f4 exf4
38.Nxf4 Ng3 39.Rc1 Qb8 40.Nd5 Bxd5 41.Bxd5 Qe5 42.Bc6 Rd6 43.Bc7 Bh6 44.Re1
Qf6 45.Ba8 Be3+ 46.Kh2 Nf1+ 47.Kh1 Ng3+ 48.Kh2 Qf4 49.Bxd6 Nf1+ 50.Kh1 Ng3+
51.Kh2 Qxd6 52.e5 Qxe5 53.Rxe3 Qxe3 54.Qb1 Ne2 55.Bf3 Nf4 56.Bb7 Qg3+ 57.Kh1
Nxd3 58.Qf1 Nf2+ 59.Kg1 Nxh3+ 60.Kh1 Nf2+ 61.Kg1 h3 {#R} 0-1

[Event "It (open)"]
[Site "masterchessopen.com – Gausdal (Norway)"]
[Round "0"]
[White "Jansa Vlastimil (CZE)"]
[Black "Elseth Roar (NOR)"]
[Result "1-0"]
[WhiteElo "2478"]
[BlackElo "2349"]

1.e4 e5 2.Nf3 Nc6 3.Bb5 a6 4.Ba4 Nf6 5.O-O Be7 6.Re1 b5 7.Bb3 d6 8.c3 O-O 9.h3
Nb8 10.d3 Nbd7 11.Nbd2 Bb7 12.Nf1 Re8 13.Ng3 h6 14.Nh2 Nc5 15.Bc2 d5 16.Qf3
Bf8 17.Ng4 Nxg4 18.Qxg4 Re6 19.Nf5 Rg6 20.Qh5 dxe4 21.dxe4 Qe8 22.b4 Nd7
23.Bb3 Rf6 24.Qg4 Kh7 25.Be3 c5 26.Rad1 Rg6 27.Qf3 c4 28.Bc2 Re6 29.Rd2 a5
30.Red1 Nf6 31.bxa5 b4 32.Bb6 Qb5 33.Nd6 Bxd6 34.Rxd6 Rxd6 35.Rxd6 bxc3
36.Qxc3 Kg8 37.a4 Qe8 38.f3 Ba6 39.Qd2 Kh7 40.Rd8 Rxd8 41.Qxd8 Qxd8 42.Bxd8
Nh5 43.Kf2 Nf4 44.Be7 Kg6 45.h4 f6 46.g3 Nd3+ 47.Ke2 Kf7 48.Ba3 h5 49.Kd2 g5
50.Bb1 gxh4 51.gxh4 Ke8 52.Ba2 Nf4 53.Kc3 Ne2+ 54.Kb4 Kd7 55.Bxc4 Bxc4 56.Kxc4
Ng1 57.a6 Kc7 58.Be7 {#r} 1-0

[Event "Ch URS (qual)"]
[Site "masterchessopen.com – Ashkhabad (Turkmenistan)"]
[Round "0"]
[White "Kudriashov Anatoli (TKM)"]
[Black "Aleksandrov Aleksej (BLR)"]
[Result "1-0"]
[WhiteElo "2318"]
[BlackElo "2340"]

1.e4 e5 2.Nf3 Nc6 3.Bb5 a6 4.Ba4 Nf6 5.O-O Be7 6.Re1 b5 7.Bb3 d6 8.c3 O-O 9.h3
Nb8 10.d3 Nbd7 11.Nbd2 Nc5 12.Bc2 Ne6 13.Nf1 Nd7 14.Ng3 g6 15.d4 c5 16.Bh6 Re8
17.Qd2 cxd4 18.cxd4 Bf6 19.d5 Nd4 20.Bd1 a5 21.Be3 Qb6 22.Nh2 Nc5 23.Ng4 Bh4
24.Bxd4 exd4 25.Qxd4 Bxg4 26.Bxg4 Re5 27.Kh2 Rae8 28.Bf3 f5 29.Red1 fxe4
30.Be2 Rf8 31.Rac1 Qb8 32.Bg4 h5 33.Be6+ Kg7 34.Rc2 Bf6 35.Qe3 Nxe6 36.dxe6
Re8 37.Ne2 R5xe6 38.Kg1 Bh4 39.Nd4 Rf6 40.Nc6 Qc7 41.Nb4 Qf7 42.Nd5 Rfe6
43.Rc7 R6e7 44.Nxe7 Rxe7 45.Rxe7 Qxe7 46.f4 a4 47.b3 axb3 48.axb3 Bf6 49.Rd5
{#r} 1-0

[Event "It"]
[Site "masterchessopen.com – Bahrain"]
[Round "0"]
[White "Nikolac Juraj (CRO)"]
[Black "Al-Ghasra Ali (BRN)"]
[Result "1-0"]
[WhiteElo "2438"]
[BlackElo "2108"]

1.e4 e5 2.Nf3 Nc6 3.Bb5 a6 4.Ba4 Nf6 5.O-O Be7 6.Re1 b5 7.Bb3 d6 8.c3 O-O 9.h3
Nb8 10.d3 Nbd7 11.Nbd2 c5 12.Nf1 Re8 13.Ng3 g6 14.Ng5 Rf8 15.f4 h6 16.Nf3 Kg7
17.Be3 Ng8 18.Qd2 h5 19.d4 h4 20.Nh1 Ndf6 21.Nf2 exf4 22.Bxf4 Nh5 23.Be3 f5
24.exf5 Bxf5 25.Ng4 Bxg4 26.hxg4 Nhf6 27.Ng5 Qd7 28.Ne6+ Kh7 29.dxc5 Rfe8
30.g5 Ng4 31.c6 Qxc6 32.Qd4 Ne5 {#r} 1-0

[Event "It \"]
[Site "masterchessopen.com – Tel Aviv (Israel)"]
[Round "0"]
[White "Romm Meir (ISR)"]
[Black "Lev Ronen (ISR)"]
[Result "0-1"]
[WhiteElo "2320"]
[BlackElo "2390"]

1.e4 e5 2.Nf3 Nc6 3.Bb5 a6 4.Ba4 Nf6 5.O-O Be7 6.Re1 b5 7.Bb3 d6 8.c3 O-O 9.h3
Nb8 10.d3 Nbd7 11.Nbd2 Bb7 12.Nf1 Re8 13.Ng5 d5 14.exd5 Bxd5 15.Bxd5 Nxd5
16.Qh5 Bxg5 17.Bxg5 f6 18.Be3 Nf8 19.Qf3 Qd7 20.Ng3 Rad8 21.Ne4 Ne6 22.Nc5
Nxc5 23.Bxc5 Nf4 24.d4 Ne6 25.Qb7 Qd5 26.Qxd5 Rxd5 27.b4 Kf7 28.Rec1 Rc8 29.a4
exd4 30.axb5 Nxc5 31.bxc5 axb5 32.cxd4 Rxd4 33.Ra7 Ke6 34.Rb7 b4 35.Rb1 Kd5
36.R7xb4 Rxb4 37.Rxb4 Kxc5 38.Re4 Kb6 39.Re7 c5 40.Rxg7 c4 41.Rxh7 c3 42.Re7
c2 43.Re1 c1=Q 44.Rxc1 Rxc1+ 45.Kh2 Kc6 46.h4 Kd6 47.g4 Rc3 48.f4 Rf3 49.h5
Ke6 50.f5+ Kf7 51.Kg2 Rb3 {#R} 0-1

[Event "It (open)"]
[Site "masterchessopen.com – Chianciano Terme (Italy)"]
[Round "0"]
[White "Manca Federico (ITA)"]
[Black "Tatai Stefano (ITA)"]
[Result "0-1"]
[WhiteElo "2401"]
[BlackElo "2420"]

1.e4 e5 2.Nf3 Nc6 3.Bb5 a6 4.Ba4 Nf6 5.O-O Be7 6.Re1 b5 7.Bb3 O-O 8.c3 d6 9.h3
Nb8 10.d3 Bb7 11.Nbd2 Nbd7 12.Nf1 Nc5 13.Bc2 Re8 14.Ng3 g6 15.d4 Ncd7 16.b4
Bf8 17.Bb2 Nb6 18.dxe5 dxe5 19.Qe2 c5 20.bxc5 Nc4 21.Bc1 Qc7 22.Bg5 Nd7
23.Red1 h6 24.Bh4 Nxc5 25.Nh2 Qb6 26.Ng4 Bg7 27.Bb3 Re6 28.Bxc4 bxc4 29.Rab1
Qc6 30.Qxc4 g5 31.Nf5 Qxe4 32.Qxe4 Bxe4 33.Nxg7 Kxg7 34.Bg3 Bxb1 35.Rxb1 Nd3
36.Rb7 Rc8 37.h4 Rxc3 38.Rd7 Kg6 39.Rd8 f5 {#R} 0-1

[Event "Ch Czechoslovakia (team) 1991/92"]
[Site "masterchessopen.com – Czechoslovakia"]
[Round "0"]
[White "Babula Milan (CZE)"]
[Black "Slapak Zdenek (SVK)"]
[Result "0-1"]
[WhiteElo "2306"]
[BlackElo "2080"]

1.e4 e5 2.Nf3 Nc6 3.Bb5 a6 4.Ba4 Nf6 5.O-O Be7 6.Re1 b5 7.Bb3 O-O 8.c3 d6 9.h3
Nb8 10.d3 c5 11.Nbd2 Nbd7 12.Nf1 Qc7 13.Ne3 g6 14.Nh2 Bb7 15.Nhg4 Nxg4 16.hxg4
Nb6 17.Qf3 a5 18.Qg3 a4 19.Bc2 Qd8 20.Bd2 Bg5 21.Rad1 Bc8 22.Nf1 Be6 23.a3 Bh4
24.Qf3 Kg7 25.Qe2 Rh8 26.g3 Be7 27.f4 exf4 28.gxf4 Bh4 29.f5 Bxe1 30.Rxe1 Bd7
31.Qh2 h5 32.g5 Bc6 33.Qf4 Re8 34.Ng3 Rh8 35.Rf1 Ra7 36.c4 Kg8 37.Bc3 Rh7
38.cxb5 Bxb5 39.Rf2 d5 40.Bf6 Qe8 41.Qd6 Rb7 42.Qxc5 h4 43.Nf1 dxe4 44.dxe4
Bxf1 45.Kxf1 h3 46.Kg1 Qb8 47.e5 Rc7 48.fxg6 fxg6 49.Qe3 h2+ 50.Rxh2 Rxh2
51.Bxg6 Rh4 52.e6 Rg4+ 53.Kf2 Nd5 54.Qe2 Qb6+ 55.Ke1 Rg1+ 56.Kd2 Nxf6 57.gxf6
Qxb2+ 58.Ke3 Rg3+ {#R} 0-1

[Event "Olympiad"]
[Site "masterchessopen.com – Manila (Philippines)"]
[Round "0"]
[White "Benschop Anne Marie (NED)"]
[Black "Koskela Niina (FIN)"]
[Result "1-0"]
[WhiteElo "2159"]
[BlackElo "2198"]

1.e4 e5 2.Nf3 Nc6 3.Bb5 a6 4.Ba4 Nf6 5.O-O Be7 6.Re1 b5 7.Bb3 d6 8.c3 O-O 9.h3
Nb8 10.d3 Nbd7 11.Nbd2 Nc5 12.Bc2 Ne6 13.d4 exd4 14.cxd4 d5 15.e5 Nd7 16.Nf1
c5 17.Ne3 Bb7 18.Nf5 cxd4 19.Bh6 Ndc5 20.N3xd4 Bg5 21.Bxg7 Nxg7 22.h4 Ne4
23.hxg5 Qxg5 24.Nd6 Nxd6 25.exd6 Rfe8 26.Qd3 f5 27.Nxf5 Nxf5 28.Qxf5 Qg7 29.d7
Re7 30.Qxh7+ Kf8 31.Qxg7+ Rxg7 32.Bf5 d4 33.g3 Bf3 {#r} 1-0

[Event "It"]
[Site "masterchessopen.com – Merida (Mexico)"]
[Round "0"]
[White "Rodriguez Amador (ESP)"]
[Black "De Souza Mauro (BRA)"]
[Result "1-0"]
[WhiteElo "2490"]
[BlackElo "2334"]

1.e4 e5 2.Nf3 Nc6 3.Bb5 a6 4.Ba4 Nf6 5.O-O b5 6.Bb3 Be7 7.Re1 d6 8.c3 O-O 9.h3
Nb8 10.d3 Nbd7 11.Nbd2 Bb7 12.Nf1 Nc5 13.Bc2 Re8 14.Ng3 Bf8 15.Nh2 g6 16.f4
exf4 17.Bxf4 Bg7 18.Nf3 Ne6 19.Bd2 c5 20.Qc1 Nd7 21.Bh6 Bh8 22.Qd2 d5 23.exd5
Bxd5 24.Ne4 Nf6 25.Qf2 Nxe4 26.dxe4 Bc6 27.Rf1 Qe7 28.Rad1 Ra7 29.Nh2 Rd7
30.Ng4 c4 31.e5 b4 32.h4 bxc3 33.bxc3 Qa3 34.Bc1 {#r} 1-0

[Event "Czech League 1994/95 (2nd) (b)"]
[Site "masterchessopen.com – Czech Republic"]
[Round "1"]
[White "Belaska Premysl (CZE)"]
[Black "Soukal Rudolf (CZE)"]
[Result "0-1"]
[WhiteElo "2260"]
[BlackElo "2071"]

1.e4 e5 2.Nf3 Nc6 3.Bb5 a6 4.Ba4 Nf6 5.O-O Be7 6.Re1 b5 7.Bb3 d6 8.c3 O-O 9.h3
Nb8 10.d3 Bb7 11.Nbd2 Nbd7 12.Nf1 Nc5 13.Bc2 Re8 14.b4 Ne6 15.Be3 Bf8 16.Qd2
g6 17.a4 Bg7 18.N1h2 d5 19.Nxe5 dxe4 20.d4 Qd5 21.f3 Rad8 22.axb5 axb5 23.Ra5
exf3 24.gxf3 c6 25.Qf2 Qd6 26.f4 Nc7 27.Ra7 Bc8 28.Nhf3 Be6 29.d5 Ncxd5 30.Bc5
Nxf4 31.Kh1 Nxh3 32.Qg2 Qd5 33.Rd1 Qxd1+ 34.Bxd1 Rxd1+ 35.Kh2 Nf4 36.Qc2 Red8
37.Bd4 Rf1 38.Nxc6 Re8 39.Nfe5 Re1 40.Kg3 N6h5+ 41.Kf2 Re2+ 42.Qxe2 Nxe2
43.Kxe2 f6 44.Re7 Rxe7 45.Nxe7+ Kf8 46.N5c6 Ke8 47.Bc5 Bf8 48.Ke3 Ng7 49.Ke4
Bh3 50.Kf3 Ne6 51.Nd5 Nxc5 52.Nxf6+ Kf7 53.Nxh7 Ne6 54.Nxf8 Kxf8 55.Ne5 Kg7
56.c4 bxc4 57.Nxc4 Kf6 58.Nd6 Ke5 59.Nf7+ Kd5 60.b5 Bf5 61.b6 Kc6 62.Ne5+ Kxb6
63.Nxg6 Bxg6 64.Ke3 Kc5 65.Ke2 Kd4 66.Kd2 Bd3 67.Kd1 Nc5 68.Kc1 Kc3 69.Kd1 Nb3
70.Ke1 Kd4 71.Kf2 Ke4 72.Ke1 Ke3 73.Kd1 Be4 74.Ke1 Bf3 75.Kf1 Nc1 76.Kg1 Nd3
77.Kh2 Kf4 78.Kh3 Ne5 79.Kh4 Ng6+ 80.Kh3 Be4 {#R} 0-1

[Event "It (open)"]
[Site "masterchessopen.com – Moscow (Russia)"]
[Round "9"]
[White "Minasian Ara (ARM)"]
[Black "Yemelin Vasily (RUS)"]
[Result "1-0"]
[WhiteElo "2425"]
[BlackElo "2500"]

1.e4 e5 2.Nf3 Nc6 3.Bb5 a6 4.Ba4 Nf6 5.O-O Be7 6.Re1 b5 7.Bb3 d6 8.c3 O-O 9.h3
Nb8 10.d3 Nbd7 11.Nbd2 Bb7 12.Nf1 Nc5 13.Bc2 Re8 14.Ne3 a5 15.Nf5 Bf8 16.Nh2
d5 17.Qf3 Ra6 18.Bg5 h6 19.Bxf6 Rxf6 20.Ng4 Rfe6 21.exd5 Bxd5 22.Qg3 Qg5 23.d4
exd4 24.Rxe6 Bxe6 25.h4 Qd8 26.cxd4 h5 27.Ngh6+ Kh8 28.dxc5 Qd2 29.Ne3 gxh6
30.Qxc7 Qb4 31.Qe5+ Bg7 32.Qxh5 Qxb2 33.Rb1 Qc3 34.Bb3 Bxb3 35.axb3 Qd3 36.Rd1
Qxb3 37.Nf5 Re5 38.Qg4 Qxd1+ 39.Qxd1 Rxf5 40.Qd8+ Kh7 41.Qd3 Kg6 42.g4 {#r}
1-0

[Event "Ch Spain (team)"]
[Site "masterchessopen.com – Mota del Cuervo (Spain)"]
[Round "1"]
[White "Garcia Pio Jesus (ESP)"]
[Black "Giorgadze Giorgi (GEO)"]
[Result "0-1"]
[WhiteElo "2250"]
[BlackElo "2605"]

1.e4 e5 2.Nf3 Nc6 3.Bb5 a6 4.Ba4 Nf6 5.O-O Be7 6.Re1 b5 7.Bb3 O-O 8.h3 d6 9.c3
Nb8 10.d3 c5 11.Nbd2 Bb7 12.a4 Nbd7 13.Nf1 c4 14.dxc4 bxa4 15.Bxa4 Nc5 16.Bc2
Nfxe4 17.b4 Nxc3 18.Qd2 N5e4 19.Qd3 d5 20.Ng3 f5 21.Nxe5 Bxb4 22.Ba3 a5
23.Bxb4 axb4 24.Rxa8 Bxa8 25.Ne2 Qb6 26.Nd4 Qc7 27.Ndf3 dxc4 28.Qxc4+ Qxc4
29.Nxc4 Rb8 30.Ncd2 Bd5 31.Nb3 Nb5 32.Nfd4 Nxd4 33.Nxd4 b3 34.Bd3 g6 35.f3 Nc5
36.Bb1 Kf7 37.Rc1 Ne6 38.Ne2 Ra8 39.Kf2 f4 40.Nc3 Rc8 41.Ne2 Rxc1 42.Nxc1 Bc4
43.h4 Kf6 44.Ke1 Nc5 45.h5 gxh5 46.Bxh7 b2 {#R} 0-1

[Event "It (open)"]
[Site "masterchessopen.com – Saarburg (Germany)"]
[Round "0"]
[White "Kubacsny Vilmos (HUN)"]
[Black "Adrian Axel (GER)"]
[Result "0-1"]
[WhiteElo "2040"]
[BlackElo "2100"]

1.e4 e5 2.Nf3 Nc6 3.Bb5 a6 4.Ba4 Nf6 5.O-O Be7 6.Re1 b5 7.Bb3 d6 8.c3 O-O 9.h3
Nb8 10.d3 Bb7 11.Nbd2 Nbd7 12.Nf1 Ne8 13.Ng3 g6 14.Bh6 Ng7 15.a3 c5 16.Nh2 Nb6
17.Qe2 Bc8 18.Rad1 Bg5 19.Bxg5 Qxg5 20.Nf3 Qf4 21.Qd2 Qxd2 22.Rxd2 Be6 23.Bd1
f6 24.Kh2 Rad8 25.d4 cxd4 26.cxd4 Nc4 27.Rde2 Rc8 28.Bb3 Na5 29.Bc2 Bc4 30.Rd2
Rfd8 31.Re3 Bf7 32.Bd3 Nb3 33.Rd1 Nxd4 34.Nxd4 exd4 35.Ree1 Bb3 36.Rd2 Ne6
37.Ne2 d5 38.Nc1 Bc4 39.b3 Bxd3 40.Nxd3 dxe4 41.Rxe4 Kf7 42.a4 Rc3 43.axb5
axb5 44.b4 f5 45.Re5 Nc7 46.Rc5 Rxc5 47.bxc5 Ke6 48.Nf4+ Ke5 49.Kg3 g5 50.Re2+
Kf6 51.Nd3 Ra8 52.f3 Ra3 53.Nb4 Rc3 54.Rd2 Rc4 55.Nd3 Ne6 56.h4 h6 57.hxg5+
hxg5 58.Kf2 Nxc5 59.Nxc5 Rxc5 60.Rxd4 Ke5 61.Rb4 Rd5 62.g3 Kd6 63.Ke3 Kc5
64.Rb1 Kc4 65.g4 fxg4 66.fxg4 b4 67.Ke4 Rb5 68.Rc1+ Kb3 69.Kd3 Kb2 {#R} 0-1